Vplyv vybraných nanomateriálov na ľudské zdravie diplomová práca

Enregistré dans:
Détails bibliographiques
Auteur principal: Majerová, Michaela
Format: Livre
Langue:slovaque
Publié: Bratislava STU FCHPT 2019
Accès en ligne:Voir à l'OPAC
Tags: Ajouter un tag
Pas de tags, Soyez le premier à ajouter un tag!

MARC

LEADER 00000nam a2200000 a 4500
005 20260127134044.0
008 190620 2019 xo a 001 0 slo d
035 |a vtls011872193 
039 9 |y 201906201516  |z mschk03 
040 |a STUSCHK1  |b slo  |c STUSCHK1  |e AACR2 
100 1 |a Majerová, Michaela 
245 1 |a Vplyv vybraných nanomateriálov na ľudské zdravie  |b diplomová práca  |c Michaela Majerová 
260 |a Bratislava  |b STU FCHPT  |c 2019 
300 |a 70 s.  |b Obr., tab.  |c 25 cm 
500 |a Študijný program: technológie ochrany životného prostredia 
500 |a Študijný odbor: chemické technológie 
500 |a Školiace pracovisko: Oddelenie environmentálneho inžinierstva 
500 |a Evid. číslo: FCHPT-100568-64251 
910 |a SCHK95 
999 |c 3045  |d 3045